interworking infrastructure and operations / (Record no. 62914)

MARC details
000 -LEADER
fixed length control field 00505nam a22001457a 4500
005 - DATE AND TIME OF LATEST TRANSACTION
control field 20120215151531.0
020 ## - INTERNATIONAL STANDARD BOOK NUMBER
International Standard Book Number 812032563X
Terms of availability 175.00
035 ## - SYSTEM CONTROL NUMBER
System control number B-126709
245 ## - TITLE STATEMENT
Title interworking infrastructure and operations /
260 ## - PUBLICATION, DISTRIBUTION, ETC. (IMPRINT)
Place of publication, distribution, etc New Delhi
Name of publisher, distributor, etc PHI
Date of publication, distribution, etc 2004
300 ## - PHYSICAL DESCRIPTION
Extent viii,198p.
Dimensions 23cms
700 ## - ADDED ENTRY--PERSONAL NAME
Personal name Hutnik, Stephen
9 (RLIN) 42168
942 ## - ADDED ENTRY ELEMENTS (KOHA)
Source of classification or shelving scheme Dewey Decimal Classification
Item type English Books
Classification part 005.754
Call number suffix INT
Holdings
Withdrawn status Lost status Not for loan Collection code Home library Current library Date acquired Cost, normal purchase price Full call number Barcode Cost, replacement price Koha item type
      Non-fiction Sarojini Nagar Sarojini Nagar 15/02/2012 175.00 005.754 INT B-126709 175.00 English Books

© Delhi Public Library
Hit Counter
free hit counter